000 00309nam a2200133Ia 4500
005 20251222143134.0
008 251222s9999||||xx |||||||||||||| ||spa||
020 _a84-8280-782-X
082 _a848.8/V53E
100 _aVerne, Julio
245 0 _aEscuela de Robinsones
264 _bOveja Negra
942 _cLIB
999 _c12037
_d12037